Mulla on the Code of Civil Procedure (Act V of 1908).

Na minha lista:
Detalhes bibliográficos
Autor principal: Mulla, Dinshah Fardunji
Outros Autores: Bakshi, P. M. 1921-
Formato: Livro
Publicado em: Bombay : N.M. Tripathi, c1995.
Edição:14th ed.
Assuntos:
Tags: Adicionar Tag
Sem tags, seja o primeiro a adicionar uma tag!

MARC

LEADER 00000cam a2200000 a 4500
005 20260415070415.0
020 |a 8171180655  |c TZS 25,000/= 
040 |a MCCL  |b eng.  |e AACR 2nd rev. ed. 
082 0 0 |a 347.95402632 MUL 
100 1 |a Mulla, Dinshah Fardunji, 
245 1 0 |a Mulla on the Code of Civil Procedure (Act V of 1908).  |c /P. M. Bakshi 
250 |a 14th ed.  
260 |a Bombay :  |b N.M. Tripathi,  |c c1995. 
300 |a ccxlvii,959 P.:  |c 25 cm. 
500 |a Includes "Supplement to Mulla's Code of Civil Procedure" by P.M. Bakshi (326 p.) published in 1992. 
500 |a Running title: Civil Procedure Code. 
500 |a Vol. 3 by J.M. Shelat and B.J. Divan. 
500 |a Includes index. 
650 0 |a Civil procedure  |z India. 
700 1 |a Bakshi, P. M.  |d 1921- 
942 |c BK 
999 |c 12627  |d 12627